000 00280nam a22001337a 4500
008 171010b xxu||||| |||| 00| 0 eng d
020 _a087722191
041 _aeng
080 _a316
100 _a50
101 _aSOC
245 _aIMIGRANT WOMEN
_cSELLER.S
942 _2udc
_cBK
999 _c32760
_d32760